00823nam a22002057a 4500999001900000005001700019010001500036020002600051035001400077037001300091082001200104100002200116245015600138260002900294270006500323300003200388500004700420942002600467952012400493 c158718d15871820181120120822.0 aENG-124482 a9789353063658c349.00 aEN-108014 bDBAD/PUB a006.312 aStephenson, David aBig data demystified:cby David Stephensonbhow to use big data, data science and AI to make better business decisions and gain competitive advantage / aNew DelhibPearsonc2018 a14 Local Shopping Centre, Panchsheel ParkbNew Delhie110017 axv,222p.c24cm. (pbk)bill. aIt includes references, glossary and Index 2ddccENh006.312mSTE 001040718NFICaDBADbBNd2018-11-13eDBAD/PUBg349.00l0o006.312 STEpEN-108014r2018-11-13 00:00:00t1v349.00yEN